The theory of social and economic organization / (Record no. 134538)

MARC details
000 -LEADER
campo de control de longitud fija 00686nam a2200181 i 4500
001 - NÚMERO DE CONTROL
campo de control 134538
003 - IDENTIFICADOR DE NÚMERO DE CONTROL
campo de control ES-MaACL
005 - FECHA Y HORA DE LA ÚLTIMA TRANSACCIÓN
campo de control 20230906194709.0
007 - CAMPO FIJO DE DESCRIPCIÓN FÍSICA--INFORMACIÓN GENERAL
campo de control de longitud fija t|
008 - DATOS DE LONGITUD FIJA--INFORMACIÓN GENERAL
campo de control de longitud fija 070911s1947 xxk ||||1| eng d
100 1# - ENTRADA PRINCIPAL--NOMBRE DE PERSONA
Nombre de persona Weber, Max.
9 (RLIN) 116265
245 14 - MENCIÓN DEL TÍTULO
Título The theory of social and economic organization /
Mención de responsabilidad, etc. by Max Weber ; Part I of Wirtschaft und Gesellschaft translated from the german by A. R. Henderson and Talcott Parsons ; revised and edited with an introduction by Talcott Parsons.
260 ## - PUBLICACIÓN, DISTRIBUCIÓN, ETC.
Lugar de publicación, distribución, etc. London :
Nombre del editor, distribuidor, etc. William Hodge,
Fecha de publicación, distribución, etc. 1947.
300 ## - DESCRIPCIÓN FÍSICA
Extensión 404 p. ;
Dimensiones 26 cm.
700 1# - ENTRADA AGREGADA--NOMBRE PERSONAL
Nombre de persona Henderson, A. R.
9 (RLIN) 62513
700 1# - ENTRADA AGREGADA--NOMBRE PERSONAL
Nombre de persona Parsons, Talcott.
9 (RLIN) 89287
852 ## - LOCALIZACIÓN
Ubicación ES-MaACL
Número de control de estantería C-5301
Sublocalización o colección R.25470
Holdings
Estatus retirado Estado de pérdida Estado de daño No para préstamo Biblioteca de origen Biblioteca actual Ubicación en estantería Fecha de adquisición Fuente de adquisición Total de préstamos Signatura topográfica completa Código de barras Visto por última vez Precio de reemplazo Tipo de ítem Koha
        Biblioteca del Ateneo de Madrid Biblioteca del Ateneo de Madrid Sala Palomar 17/01/2008     C-5301 1140037 23/02/2023 23/02/2023 Libro impreso